Online Catalogue and eLibrary

Ulaga cinema varalaru (Record no. 4703)

MARC details
000 -LEADER
fixed length control field 00338nam a2200145Ia 4500
005 - DATE AND TIME OF LATEST TRANSACTION
control field 20250522021421.0
008 - FIXED-LENGTH DATA ELEMENTS--GENERAL INFORMATION
fixed length control field 240331s9999 xx 000 0 und d
082 ## - DDC Classification
Item Number - Author Mark BAL
Class No. 302
100 ## - MAIN ENTRY--PERSONAL NAME
Personal name Bala,A
245 #0 - TITLE STATEMENT
Title Ulaga cinema varalaru
260 ## - PUBLICATION, DISTRIBUTION, ETC.
Place of publication, distribution, etc. Chennai
Name of publisher, distributor, etc. K.K. Books Pvt. Ltd
Date of publication, distribution, etc. 2007
300 ## - PHYSICAL DESCRIPTION
Extent (e.g. Volumes, Pages etc.) 174 p .,
650 ## - SUBJECT ADDED ENTRY--TOPICAL TERM
Topical term or geographic name entry element Cinema
942 ## - Koha item type (Biblio)
Koha item type Books in Stacks (Lending)
Holdings
Lost status Damaged status Collection code Home library Current library Shelving location Date acquired Full call number Accession Number Item type
    Lending WERC Library WERC Library Social Science Cupboard 03/31/2024 302.23 BAL 6468 Books in Stacks (Lending)

© WERC Library